Authoritarianism and social policy (Record no. 513896)

000 -LEADER
fixed length control field 01377nam a22001577a 4500
008 - FIXED-LENGTH DATA ELEMENTS--GENERAL INFORMATION
fixed length control field 200916b ||||| |||| 00| 0 eng d
100 ## - MAIN ENTRY--PERSONAL NAME
Personal name Jordan, B.
245 ## - TITLE STATEMENT
Title Authoritarianism and social policy
260 ## - PUBLICATION, DISTRIBUTION, ETC. (IMPRINT)
Place of publication, distribution, etc Social Policy and Society
300 ## - PHYSICAL DESCRIPTION
Extent 19(1), Jan 2020. p. 243-254
520 ## - SUMMARY, ETC.
Summary, etc Authoritarianism seems to be emerging as the default mode of global capitalism. In the absence of reliable economic growth, and with working-class incomes in long-term stagnation, both liberal and social democratic parties have lost support in many countries, and authoritarian regimes have come to power in several. But poor people in the USA, UK and Europe have long experienced coercion, being forced to accept low-paid, insecure work or face benefits sanctions. As a growing proportion of workers have come to rely on supplements such as tax credits, the working class has been divided, and opportunistic authoritarian politicians have mobilised the anxiety and resentment of those on the margins of poverty. This article argues that only an active civil society, with voluntary agencies uncompromised by involvement in coercive policies, along with universal, unconditional Basic Incomes for all citizens, can reverse these trends.- Reproduced
650 ## - SUBJECT ADDED ENTRY--TOPICAL TERM
Topical term or geographic name as entry element Social policy
9 (RLIN) 17734
773 ## - HOST ITEM ENTRY
Main entry heading Social Policy and Society
906 ## - LOCAL DATA ELEMENT F, LDF (RLIN)
Subject DIP AUTHORITARIANISM
942 ## - ADDED ENTRY ELEMENTS (KOHA)
Item type Articles
Holdings
Withdrawn status Lost status Source of classification or shelving scheme Damaged status Not for loan Permanent location Current location Date acquired Serial Enumeration / chronology Barcode Date last seen Koha item type
          Indian Institute of Public Administration Indian Institute of Public Administration 2020-09-16 19(1), Jan 2020. p. 243-254 AR122972 2020-09-16 Articles

Powered by Koha